From control to drift : the dynamics of corporate information infastructures

Αποθηκεύτηκε σε:
Λεπτομέρειες βιβλιογραφικής εγγραφής
Άλλοι συγγραφείς: Ciborra, Claudio
Μορφή: Βιβλίο
Γλώσσα:English
Δημοσίευση: Oxford [England] ; New York : Oxford University Press, 2001
Θέματα:
Ετικέτες: Προσθήκη ετικέτας
Δεν υπάρχουν, Καταχωρήστε ετικέτα πρώτοι!

MARC

LEADER 00000nam a2200000 i 4500
001 1/66040
008 071205s2001 eng d
020 |a 0-19-924663-7 
035 |l 10092816 
040 |a GR-MY-UA  |b gre  |e aacr 
041 0 |a eng 
082 0 |a 658.4038  |2 (22) 
245 1 0 |a From control to drift :  |b the dynamics of corporate information infastructures /  |c Claudio U. Ciborra ... [κ.ά.] 
260 |a Oxford [England] ; New York :   |b Oxford University Press,   |c 2001 
300 |a xiv, 246 σ.;  |b εικ.;  |c 24 εκ. 
504 |a Περιέχει βιβλιογραφικές παραπομπές (σ. [227]-235) 
650 0 0 |a Information technology. 
650 0 0 |a Management information systems. 
650 0 0 |a Organizational change. 
700 1 |a Ciborra, Claudio. 
852 |a INST  |b SAMOS  |e 20071205  |h 658.4038 FRO  |p 005300027553  |q 005300027553  |t BK  |y 0 
901 |a BIBL3-2007-3 
909 |a Σ  |b 140588 
922 |a 3ΕΛΗ  |b 200711  |c ΕΠΕΑΕΚ2/ΤΜΠΕΣ  |d ΕΛΕΥΘΕΡΟΥΔΑΚΗΣ 
970 |a ΡΟΥΣΣΟΥ  |b ΚΩΝΣΤΑΝΤΙΝΑ  |z 2007/12/05